000 00769cam a2200241 a 4500
001 000002884
005 20200929150258.0
008 830816s1983 sp b 001 p spa
020 _a8420619566
020 _a8420618632
040 _aDO-SdBNP
_cDLC
_dDLC
082 _aCh861.4
_bN454a, 1983
100 1 _aNeruda, Pablo,
_d1904-1973.
_99164
245 1 0 _aAntología poética. /
_cPablo Neruda ; prólogo, selección y notas, Hernán Loyola.
250 _a2a ed.
260 _aMadrid :
_bAlianza,
_c1983.
300 _a2 v. ;
_c18 cm.
440 0 _aEl Libro de bolsillo :
_pLiteratura ;
_vno. 863
_99165
650 4 _aPoesía chilena
_99166
650 4 _aLiteratura chilena
_93164
700 1 _aLoyola, Hernán ;
_epról.
_99167
910 _aCatalogación por copia / LC
999 _c2718
_d2718